000 00310nam a2200145Ia 4500
100 _aWhitaker/Jerry
942 _cBK
654 _aElectronic displays
245 _aElectronic Displays
260 _bTata Mc Graw hill
_c2002
082 _a621.3987
_bWHI
300 _a391
546 _aENGLISH
999 _c28544
_d28544